| 000 | 04506cam a22007454i 4500 | ||
|---|---|---|---|
| 003 | PE-LiUPU | ||
| 005 | 20250731172803.0 | ||
| 008 | 150617s1966 cau r 000 0 spa d | ||
| 020 | _a9789505737994 | ||
| 035 | _a(Sirsi) a13165 | ||
| 040 |
_aPE-LiUPU _bspa _cPE-LiUPU _erda |
||
| 049 | _aPRUA | ||
| 082 | 0 | 4 |
_a236 _bCH15 _221 |
| 100 | 1 |
_aChaij, Fernando, _eautor. |
|
| 245 | 1 | 0 |
_aPreparación para la crisis final : _brecopilación y comentarios de pasajes de la Biblia y el espíritu de profecía / _cFernando Chaij. |
| 264 | 1 |
_aCalifornia : _bPublicaciones Interamericanas, _c1966. |
|
| 300 |
_a160 páginas ; _c22 centímetros |
||
| 336 |
_atext _2rdacontent |
||
| 337 |
_aunmediated _2rdamedia |
||
| 338 |
_avolume _2rdacarrier |
||
| 505 | 0 | _aUn movimiento de reforma dentro de la iglesia -- El sellamiento -- La lluvia tardía -- EL zarandeo -- La terminación de la obra - El fuerte pregón -- La persecución - Los poderes aliados -- La obra de esngaño: El espiritismo -- El tiempo de angustia previo -- EL tiempo de angustia -- Las plagas -- El fin de la septima plaga: La liberación -- Desde la liberación hasta la segunda venida -- Preparación para la crisis. | |
| 526 | _aSEG42 | ||
| 526 | _aSEG41 | ||
| 526 | _aSEG40 | ||
| 526 | _aSEG39 | ||
| 526 | _aP94 | ||
| 526 | _aP87 | ||
| 526 | _aP86 | ||
| 526 | _aP85 | ||
| 526 | _aP77 | ||
| 526 | _aP76 | ||
| 526 | _aP35 | ||
| 541 | _g10606; | ||
| 650 | 0 | 4 |
_aEscatología. _95923 |
| 650 | 0 | 4 | _aFin del mundo. |
| 910 |
_ajck _bjvq _cjck _d20150616 |
||
| 942 |
_2ddc _cBOOK |
||
| 949 |
_a236 CH15 _wDEWEY _c1 _i10310 _lCCODEBUL1 _mBUL _p11.00 _r0 _sY _tBOOK _u2015-04-22 _xTEOLOGIA _PP35 _0COMPRA _o.STAFF. Colección Teología |
||
| 949 |
_a236 CH15 _wDEWEY _c2 _i15296 _lCCODEBUL1 _mBUL _p11.00 _r0 _sY _tBOOK _u2015-04-22 _xTEOLOGIA _PP35 _0COMPRA _o.STAFF. Colección Teología |
||
| 949 |
_a236 CH15 _wDEWEY _c3 _i35982 _lCCODEBUL1 _mBUL _p11.00 _r0 _sY _tBOOK _u19770809 _xTEOLOGIA _PP35 _0COMPRA _o.STAFF. Colección Teología |
||
| 949 |
_a236 CH15 _wDEWEY _c5 _i59430 _lCCODEBUL1 _mBUL _p11 _r0 _sY _tBOOK _u20090204 _xTEOLOGIA _PP35 _0COMPRA _o.STAFF. Colección Teología |
||
| 949 |
_a236 CH15 _wDEWEY _c6 _i05975 _lCCODEBUL1 _mBUL _p11.00 _r0 _sY _tBOOK _u2015-04-22 _xTEOLOGIA _PP35 _0COMPRA _o.STAFF. Colección Teología |
||
| 949 |
_a236 CH15 _wDEWEY _c7 _i06240 _lCCODEBUL1 _mBUL _p11.00 _r0 _sY _tBOOK _u2015-04-22 _xTEOLOGIA _PP35 _0COMPRA _o.STAFF. Colección Teología |
||
| 949 |
_a236 CH15 _wDEWEY _c8 _i07449 _lCCODEBUL1 _mBUL _p11.00 _r0 _sY _tBOOK _u2015-04-22 _xTEOLOGIA _PP35 _0COMPRA _o.STAFF. Colección Teología |
||
| 949 |
_a236 CH15 _wDEWEY _c9 _i11481 _lCCODEBUL1 _mBUL _p11.00 _r0 _sY _tBOOK _u2015-04-22 _xTEOLOGIA _PP35 _0COMPRA _o.STAFF. Colección Teología |
||
| 949 |
_a236.2 CH15 _wDEWEY _c4 _i39396 _lCCODEBUL1 _mBUL _p11.00 _r0 _sY _tBOOK _u19950926 _xTEOLOGIA _PP35 _0COMPRA _o.STAFF. Colección Teología |
||
| 994 |
_aC0 _bPEPRU |
||
| 596 | _a1 | ||
| 999 |
_a236 CH15 _wDEWEY _c3504 _i10310 _f2019-12-11 _g4 _lDISCARD _mBUL _r1 _sY _tBOOK _u2015-4-22 _xUNKNOWN _PP35 _0COMPRA _o.STAFF. Colección General _d3504 |
||
| 999 |
_a236 CH15 _wDEWEY _c2 _i15296 _f2021-11-11 _g5 _lCCODEBUL1 _mBUL _r0 _sY _tBOOK _u2015-4-22 _xTEOLOGIA _PP35 _0COMPRA _o.STAFF. Colección General |
||
| 999 |
_a236 CH15 _wDEWEY _c3 _i35982 _d2017-11-24 _e2017-11-24 _f2021-11-11 _g5 _lCCODEBUL1 _mBUL _n2 _p12.00 _r0 _sY _tBOOK _u2015-6-17 _xTEOLOGIA _PP35 _0COMPRA _o.STAFF. Colección Teología |
||
| 999 |
_a236 CH15 _wDEWEY _c6 _i05975 _f2021-11-11 _g5 _lCCODEBUL1 _mBUL _r0 _sY _tBOOK _u2015-4-22 _xTEOLOGIA _PP35 _0COMPRA _o.STAFF. Colección General |
||
| 999 |
_a236 CH15 _wDEWEY _c7 _i06240 _d2015-12-1 _e2015-11-27 _f2021-11-10 _g5 _lCCODEBUL1 _mBUL _n1 _p11.00 _r0 _sY _tBOOK _u2015-4-22 _xTEOLOGIA _PP35 _0COMPRA _o.STAFF. Colección Teología |
||
| 999 |
_a236 CH15 _wDEWEY _c8 _i07449 _f2021-11-11 _g5 _lCCODEBUL1 _mBUL _r0 _sY _tBOOK _u2015-4-22 _xTEOLOGIA _PP35 _0COMPRA _o.STAFF. Colección General |
||
| 999 |
_a236 CH15 _wDEWEY _c9 _i11481 _f2021-11-11 _g5 _lCCODEBUL1 _mBUL _r0 _sY _tBOOK _u2015-4-22 _xTEOLOGIA _PP35 _0COMPRA _o.STAFF. Colección General |
||
| 999 |
_a236.2 CH15 _wDEWEY _c4 _i39396 _lLOST _mBUL _r1 _sY _tBOOK _u2015-6-17 _xTEOLOGIA _PP35 _0COMPRA _o.STAFF. Colección General |
||
| 980 |
_81 _gALBERTO SANCHEZ Responsable de Automatización |
||